Fejtón - novinársky priestor i novinársky žáner

Bibliographic Details
Main Author: Follrichová, Mária, 1953- (Author)
Format: Article
Language:Slovak
ISSN:0322-7049
Subjects:

MARC

LEADER 00000nab a2200000 a 4500
001 vtls000780534
003 SK-MaSNL
005 20260304105712.0
008 250429c2001 xo 0 slo
015 |a SNBRB2002/01-02394 
035 |a CLN000132282 
035 |a urn:nbn:sk:snk-abn64 
035 |a (urnnbn)urn:nbn:sk:snk:ar-a03h2h 
035 |a (uuid)d446721a-7782-4238-bf37-f45bcb4a309d 
040 |a SNKBUCL  |b slo  |c SNKBUCL  |e AACR2 
041 0 |a slo 
044 |a xo  |c SK 
080 |a 82.0:82-1/-9  |2 1997 
080 |a 070.41  |2 1997 
100 1 |a Follrichová, Mária,  |d 1953-  |4 aut  |9 231051 
245 1 0 |a Fejtón - novinársky priestor i novinársky žáner  |c Mária Follrichová 
504 |a Bibliogr. odkazy 
650 0 7 |a fejtón  |2 snkbucl  |9 22200 
650 0 7 |a žurnalistické žánre  |2 snkbucl  |9 121937 
655 7 |a články z novín a časopisov  |2 snkbucl  |9 267496 
773 0 |t Otázky žurnalistiky  |g Roč. 44, č. 1-2 (2001), s. 50-59  |x 0322-7049 
850 |a Slovenská národná knižnica 
852 |a Slovenská národná knižnica 
954 |a odborná, vedecká literatúra pôvodná (slovenská)  |2 lita 
958 |a article27 
958 |a NB 
958 |a LX 
958 |a OND 
958 |a EUIPO 
992 |a RBX 
999 |c 2856739  |d 2858669